EVITA (Record n. 107072)
[ formato base ]
| 000 -LEADER | |
|---|---|
| fixed length control field | 02064agaaa2200313 4500 |
| 001 - CONTROL NUMBER | |
| control field | 5948 |
| 003 - CONTROL NUMBER IDENTIFIER | |
| control field | IT-RoPAU |
| 005 - DATE AND TIME OF LATEST TRANSACTION | |
| control field | 20220918181254.0 |
| 007 - PHYSICAL DESCRIPTION FIXED FIELD--GENERAL INFORMATION | |
| fixed length control field | d cvaizq |
| 008 - FIXED-LENGTH DATA ELEMENTS--GENERAL INFORMATION | |
| fixed length control field | 50131s9999||||xx ||| | || ||und|| |
| 040 ## - CATALOGING SOURCE | |
| Original cataloging agency | IT-RoPAU |
| Transcribing agency | IT-RoPAU |
| 041 ## - LANGUAGE CODE | |
| Language code of text/sound track or separate title | INGLESE |
| 100 ## - MAIN ENTRY--PERSONAL NAME | |
| Personal name | Parker Alan |
| Miscellaneous information | Codice regista SPICS: 11231 |
| 9 (RLIN) | 50246 |
| 130 ## - MAIN ENTRY--UNIFORM TITLE | |
| Uniform title | EVITA |
| 9 (RLIN) | 50247 |
| 245 ## - TITLE STATEMENT | |
| Title | EVITA |
| Statement of responsibility, etc. | Prodotto da: Parker A. Vajna A. -- Sceneggiatura: Parker Alan Stone Oliver -- Diretto da: Parker Alan |
| Name of part/section of a work | EVITA (Rif. Codice opera principale : H5948) |
| 250 ## - EDITION STATEMENT | |
| Edition statement | Edizione Standard |
| 260 ## - PUBLICATION, DISTRIBUTION, ETC. (IMPRINT) | |
| Place of publication, distribution, etc. | (USA) |
| Name of publisher, distributor, etc. | CINERGI PICTURES ENTERTAINMENT / Distribuzione: MEDIAWORLD |
| Date of manufacture | "1996 (1° ed.: 2005 ; Ed. Lingua Orig.: 1996)" |
| 300 ## - PHYSICAL DESCRIPTION | |
| Extent | DVD |
| Other physical details | sonoro, col. |
| Dimensions | 135 minuti |
| 508 ## - CREATION/PRODUCTION CREDITS NOTE | |
| Creation/production credits note | "Fotografia: Kondji Darius; Montaggio: Hambling Gerry; Musica: Webber Andrew Lloyd; Sceneggiatura: Parker Alan Stone Oliver; Scenografia: Morris Brian; " |
| 511 ## - PARTICIPANT OR PERFORMER NOTE | |
| Participant or performer note | "Madonna; Banderas Antoni; Pryce Jonathan; Nail Jimmy; Sus Victoria; Littman Julian" |
| 520 ## - SUMMARY, ETC. | |
| Summary, etc. | "NATA IN UNO SPERDUTO VILLAGGIO DELLA PROVINCIA ARGENTINA, EVA DUARTE RIESCE A PASSARE, CON UN'ASCESA VERTIGINOSA, DA UNA CONDIZIONE DI ESTREMA POVERTA' AI VERTICI DEL POTERE. FIGLIA DI UNA CUOCA E DI UN PROPRIETARIO TERRIEROCHE NON VOLLE MAI RICONOSCERLA , RAGGIUNGE PRESTO IL SUCCESSO COME ATTRICERADIOFONICA. FREQUENTA AMBIENTI SOCIALI IMPORTANTI, RIVELANDOSI ABILE E SCALTRA; UNA SCALATA SOCIALE CHE CULMINA NELL'INCONTRO CON IL PRESIDENTE JUANDOMINGO PERON. EVA DIVENTA EVITA, EROINA DI TUTTI I POVERI E GLI OPPRESSI E UNA DELLE DONNE PIU' AMATE DELLA STORIA. CONTENUTI SPECIALI: BIOGRAFIA E FILMOGRAFIA DEL REGISTA E DEGLI INTERPRETI PRINCIPALI." |
| 538 ## - SYSTEM DETAILS NOTE | |
| System details note | PAL, STEREO |
| 546 ## - LANGUAGE NOTE | |
| Language note | INGLESE |
| 650 ## - SUBJECT ADDED ENTRY--TOPICAL TERM | |
| Topical term or geographic name as entry element | DRAMMA - MUSICALE |
| Relator term | DVD-FILM [DVD] |
| General subdivision | Codice MATERIA SPICS: 9947 |
| 9 (RLIN) | 50248 |
| 700 ## - ADDED ENTRY--PERSONAL NAME | |
| Personal name | Parker Alan |
| Relator term | (regista) |
| Miscellaneous information | Codice regista SPICS: 11231 |
| 9 (RLIN) | 50249 |
| 700 ## - ADDED ENTRY--PERSONAL NAME | |
| Personal name | Rice Tim |
| Relator term | (soggetto) |
| Miscellaneous information | Codice Soggetto SPICS: 11116 |
| 9 (RLIN) | 50250 |
| 700 ## - ADDED ENTRY--PERSONAL NAME | |
| Personal name | Webber Andrew Lloyd |
| Relator term | (musica) |
| Miscellaneous information | Codice Musica SPICS: 11199 |
| 9 (RLIN) | 50251 |
| 942 ## - ADDED ENTRY ELEMENTS (KOHA) | |
| Koha item type | DVD |
| Source of classification or shelving scheme | Dewey Decimal Classification |
| Withdrawn status | Lost status | Damaged status | Not for loan | Home library | Current library | Date acquired | Total Checkouts | Full call number | Date last seen | Price effective from | Koha item type | Public note |
|---|---|---|---|---|---|---|---|---|---|---|---|---|
| Buone Condizioni | Not For Loan | SPICS-MEDIATECA | SPICS-MEDIATECA | 31/01/2015 | H5948 | 31/01/2015 | 31/01/2015 | DVD | Progr. Ins.: 3353 / N.Vol.:1 / Copie: 1 / Pag.:0 / Copia rara: n.d. / date import: 1.2.2015 / By Epidotti, Trombetti, Vaglietti |